| 000 | 00570nam a22001931a 4500 | ||
|---|---|---|---|
| 001 | 6316 | ||
| 003 | OSt | ||
| 005 | 20260204212047.0 | ||
| 008 | 060327s1993||||dr ||||||b||||||||||spa|| | ||
| 020 | _a8492389397 | ||
| 050 | _aRD 510 S59h | ||
| 100 | _aSantoyo, Luz Alba | ||
| 245 | _aHacia una nueva metodología de la enseñanza de los matemáticas / Luz Alba Santoyo | ||
| 264 | _aSanto Domingo : Centro Poveda | ||
| 300 | _a52 p | ||
| 490 | _aCuaderno de sociedad y educación | ||
| 650 | _a1.Matématica 2.Pedagogía - Educación 3.DidácticaÌ | ||
| 942 |
_2ddc _cBK |
||
| 999 |
_c6316 _d6316 |
||